<?xml version="1.0" encoding="UTF-8"?>
<marc:record xmlns:marc="http://www.loc.gov/MARC21/slim">
   <marc:leader>00000nam a2200000 a 4500</marc:leader>
   <marc:datafield ind1="1" ind2=" " tag="100">
      <marc:subfield code="a">Unwin, Mike</marc:subfield>
      <marc:subfield code="4">aut</marc:subfield>
      <marc:subfield code="e">Verfasser/-in</marc:subfield>
   </marc:datafield>
   <marc:datafield ind1="0" ind2="0" tag="245">
      <marc:subfield code="a">Wanderungen</marc:subfield>
   </marc:datafield>
   <marc:datafield ind1=" " ind2="1" tag="264">
      <marc:subfield code="b">Fischer Kinder- und Jugendbuch GmbH</marc:subfield>
      <marc:subfield code="c">2018</marc:subfield>
   </marc:datafield>
   <marc:datafield ind1="1" ind2=" " tag="520">
      <marc:subfield code="a">Stell dir vor, du fliegst im Sturm übers Meer, tausende Kilometer vom Land entfernt, auf einer Reise voller Gefahren. Der Regen peitscht über die brausende, wogende See.  Seit zehn Jahren hast du keinen festen Boden unter den Füßen gehabt, um Schutz und Nahrung zu finden. Das ist nur eine von 20 ungelaublichen Wanderungen von denen dieses besondere Reisetagebuch erzählt. Riesige Elefantenherden, ganze Pinguinkolonien, Weiße Haie oder Millionen Krabben begeben sich jährlich auf gefahrvolle, lange Wanderschaft. Um zu überleben, müssen sie schlechtes Wetter überstehen und hungrigen Verfolgern entkommen.</marc:subfield>
   </marc:datafield>
   <marc:datafield ind1=" " ind2=" " tag="020">
      <marc:subfield code="a">9783737355995</marc:subfield>
      <marc:subfield code="9">9783737355995</marc:subfield>
   </marc:datafield>
</marc:record>
